Výklad zásad vedení účetníctví při soukromém podnikání Část 1. Podnikatelů nezapsaných do podnikového rejstříků

Salvato in:
Dettagli Bibliografici
Natura: Libro
Lingua:ceco
Pubblicazione: Frýdek-Místek Ekokonzult 1991
Edizione:3. vyd.
Tags: Aggiungi Tag
Nessun Tag, puoi essere il primo ad aggiungerne!!

MARC

LEADER 00000nam a2200000 4500
001 c034131
005 20250826122648.6
041 0 |a cze 
044 |a CZ 
245 1 0 |a Výklad zásad vedení účetníctví při soukromém podnikání  |b Část 1. Podnikatelů nezapsaných do podnikového rejstříků 
250 |a 3. vyd. 
264 1 |a Frýdek-Místek  |b Ekokonzult  |c 1991 
300 |a 69 s.